Victoria 3 All Formable Nations - Statistics

General Stats
  • This quiz has been taken 38 times
  • The average score is 29 of 74
Answer Stats
Hint Answer % Correct
Europe Great Britain
95%
Europe Poland
95%
Americas America
90%
Oceania Australia
90%
Americas Canada
90%
Asia China
90%
Europe Germany
90%
Americas Central America
85%
Europe France
85%
Europe Italy
85%
Americas Brazil
80%
Asia India
80%
Europe Spain
80%
Europe Romania
75%
Europe Russia
75%
Africa Ethiopia
70%
Americas Gran Colombia
70%
Asia Indonesia
70%
Europe Yugoslavia
70%
Asia Afghanistan
65%
Americas Mexico
65%
Americas Peru
65%
Asia Arabia
60%
Europe Iberia
60%
Asia Pakistan
60%
Europe Sweden
60%
Africa Algeria
50%
Europe Ireland
50%
Europe Byzantium
45%
Europe England
40%
Asia Kazakhstan
40%
Africa Mali
40%
Europe Scandinavia
40%
Americas Colombia
35%
Asia Laos
35%
Europe Poland-Lithuania
35%
Oceania Polynesia
35%
Europe Prussia
35%
Asia Uzbekistan
35%
Asia Yemen
35%
Europe Central Europe
30%
Americas Rio de la Plata
30%
Europe Czechoslovakia
25%
Africa Libya
25%
Africa Maghreb
25%
Asia Tajikistan
25%
Oceania Aotearoa
20%
Americas Federation of the Andes
20%
Asia Hindustan
20%
Asia Turkestan
20%
Africa Zimbabwe
20%
Asia Bengal
15%
Europe North German Federation
15%
Europe United Netherlands
15%
Europe South German Federation
10%
Americas Tawantinsuyu
10%
Europe Transcaucasia
10%
Americas West Indies
10%
Asia Baluchistan
5%
Asia Carnatic
5%
Americas Carolina
5%
Europe Galicia-Lodomeria
5%
Asia Gujarat
5%
Asia Kirgizia
5%
Asia Punjab
5%
Americas Antillean Confederation
0%
Europe Confederation of the Rhine
0%
Europe Danubian State
0%
Asia Dravida Nadu
0%
Americas Free States of America
0%
Asia Maharashta
0%
Asia Orissa
0%
Asia Rajputana
0%
Europe United Baltic Provinces
0%
No matching quizzes found
Score Distribution
Percent of People with Each Score
Percentile by Number Answered
Your Score History
You have not taken this quiz